00742 a2200205 450000100060000008200170000609000170002310000230004024500340006325000100009726000360010730000080014350000270015150500140017894200310019299900190022395200980024295200980034095200980043881483 a297.1227 MOD c39740d39740 aAbual Alla Maududi aTafhim ul Quran (Vol-V)hUrdu aVol-V aLahorebTarjaman ul Quranc2010 a664 aDOS BS Reference Books aAHQ Books aNUST-CAEcBSk297.1227 MOD c316556d316556 001040708NFICaCAEbCAEd2017-04-03l0o297.1227 MODpCAE82390r2017-04-05w2017-04-05yBK 001040708NFICaCAEbCAEd2017-04-03l0o297.1227 MODpCAE82392r2017-04-05w2017-04-05yBK 001040708NFICaCAEbCAEd2017-04-03l0o297.1227 MODpCAE82391r2017-04-05w2017-04-05yBK